| 000 | 01418nam a22002537a 4500 | ||
|---|---|---|---|
| 008 | 250605b |||||||| |||| 00| 0 eng d | ||
| 020 | _a9780857506689 | ||
| 040 | _ctbs | ||
| 041 | _aeng | ||
| 050 |
_aPR9199.4.K5758 _bW4 2024 |
||
| 100 |
_aKliewer, Marcus _925374 _eauthor |
||
| 245 |
_aWe used to live here _c/ Marcus Kliewer. |
||
| 260 |
_aLondon : _bTransworld Publishers, _c2024. |
||
| 300 |
_a312 pages ; _c24 cm. |
||
| 520 | _aYoung couple Charlie and Eve can’t believe the killer deal they got on an old house deep in the mountains. One day, a man knocks on the door. He says he lived there years before and asks if he can show his family around. As soon as they enter, strange things start to happen, and Eve is desperate for them to leave and never come back. But they can’t – or won’t – take the hint that they are no longer welcome. Then, Charlie vanishes, and Eve begins to lose her grip on reality. She’s convinced there’s something terribly wrong with the house and its past inhabitants . . . or is it all in her head? | ||
| 650 | 0 |
_aFlipping (Real estate investment) _925375 |
|
| 650 | 0 |
_aDwellings _xRemodeling _925376 |
|
| 650 | 0 |
_aHaunted places _vFiction _925377 |
|
| 650 | 0 |
_aFamilies _xCrimes against _vFiction _925378 |
|
| 650 | 0 |
_aMissing persons _vFiction _924148 |
|
| 650 | 0 |
_aWoman-woman relationships _925380 |
|
| 655 | 0 |
_aPyschological fiction _925379 |
|
| 942 | _2lcc | ||
| 999 |
_c4712 _d4712 |
||